Contraescuela (Record no. 47069)

MARC details
000 -LEADER
campo de control de longitud fija 00731nam a2200217 i 4500
001 - NÚMERO DE CONTROL
campo de control 47069
003 - IDENTIFICADOR DE NÚMERO DE CONTROL
campo de control ES-MaACL
005 - FECHA Y HORA DE LA ÚLTIMA TRANSACCIÓN
campo de control 20240305180337.0
007 - CAMPO FIJO DE DESCRIPCIÓN FÍSICA--INFORMACIÓN GENERAL
campo de control de longitud fija t|
008 - DATOS DE LONGITUD FIJA--INFORMACIÓN GENERAL
campo de control de longitud fija 030403s1973 sp ||||1| spa d
245 00 - MENCIÓN DEL TÍTULO
Título Contraescuela
Resto del título : (La Escuela sucesora de Barbiana) /
Mención de responsabilidad, etc. Patrizia Ciabatti [y otros] ; [traducción Jesús Gómez].
260 ## - PUBLICACIÓN, DISTRIBUCIÓN, ETC.
Lugar de publicación, distribución, etc. [Bilbao :
Nombre del editor, distribuidor, etc. Zero,
Fecha de publicación, distribución, etc. 1973]
300 ## - DESCRIPCIÓN FÍSICA
Extensión 86 p. ;
Dimensiones 18 cm.
490 1# - MENCIÓN DE SERIE
Mención de serie Colección: "Lee y Discute". Serie R ;
Designación de volumen o secuencia 43
650 #7 - PUNTO DE ACCESO ADICIONAL DE MATERIA--TÉRMINO DE MATERIA
Término de materia o nombre geográfico como elemento de entrada Enseñanza-
Subdivisión geográfica Italia
Fuente del encabezamiento o término
9 (RLIN) 166206
700 1# - ENTRADA AGREGADA--NOMBRE PERSONAL
Nombre de persona Ciabatti, Patricia.
9 (RLIN) 38730
700 1# - ENTRADA AGREGADA--NOMBRE PERSONAL
Nombre de persona Gómez, Jesús.
9 (RLIN) 57769
830 0# - PUNTO DE ACCESO ADICIONAL DE SERIE-TÍTULO UNIFORME
Título uniforme Colección: "Lee y Discute". Serie R ;
Designación de volumen o secuencia 43
9 (RLIN) 219453
852 ## - LOCALIZACIÓN
Ubicación ES-MaACL
Número de control de estantería C-56216
Sublocalización o colección R.88628
Holdings
Estatus retirado Estado de pérdida Estado de daño No para préstamo Biblioteca de origen Biblioteca actual Ubicación en estantería Fecha de adquisición Fuente de adquisición Total de préstamos Signatura topográfica completa Código de barras Visto por última vez Precio de reemplazo Tipo de ítem Koha
        Biblioteca del Ateneo de Madrid Biblioteca del Ateneo de Madrid Depósito 2 17/01/2008     C-56216 1049509 23/02/2023 23/02/2023 Libro impreso